| 000 | 00519nam a2200193Ia 4500 | ||
|---|---|---|---|
| 003 | GCL | ||
| 008 | 140319s9999 xx 000 0 eng d | ||
| 020 | _a505002378 | ||
| 040 |
_aGCL / _cGCL |
||
| 082 | 0 | 4 |
_a891.7 _bR A |
| 100 | 1 | _aRASPOUTINE, VALENTIN | |
| 245 | 1 | 0 |
_aDE L'ARGENT POUR MARIA / _cRASPOUTINE, VALENTIN |
| 700 | 1 | _aSEMIONOV, ALEXI | |
| 260 |
_aروسيا : _bEDITIONS RADAUGA ، _c1989 |
||
| 300 |
_a22 CM ؛ _c236 P |
||
| 650 | 0 | 4 | _aRUSSIAN LITERATURE |
| 650 | 0 | 4 | _aRUSSIA - FICTION |
| 942 |
_2ddc _cBK |
||
| 999 |
_c4394 _d4394 |
||